01085nam a2200241 a 450000100060000000300090000600800410001502000150005604000280007108200200009910000400011924500440015926000230020330000100022650502930023665000330052965000530056265000260061565000310064194200120067299900170068495201420070122832CO-ViMGA141112s2004 ck r 000 u spa d a958711065X aCO-ViMGAbspacCO-ViMGA04a344.04192 V174a1 aVargas hernandez, Clara Ines93267410aEl aborto : bDespenalización parcial aColombia : bLeyer a107p. aLa vida como un bien constitucionalmente relevante que debe ser protegido por el estado colombiano. Los limites a la potestad de configuracion del legislador en materia penal, El bloque de constitucionalidad como limited a la libertad de configuracion del legislador, en materia prima14aABORTO - LEGISLACION 93267514aABORTO - LEGISLACION - ESTUDIOS DE CASOS 93267614aDERECHOS HUMANOS 95514aLIBERTADES CIVILES932677 2ddccBK c31128d31128 00102ddc40708002aMEVIECARbMEVIECARd2015-12-04h09/nov/2009l0o344.04192 V174a p22832r2015-12-04 00:00:00tEj. 1w2015-12-04yBK